| 000 | 00745nam a2200181Ia 4500 | ||
|---|---|---|---|
| 999 |
_c46209 _d46209 |
||
| 003 | GCL | ||
| 005 | 20240530104305.0 | ||
| 008 | 140319s1979 ua 000 0 ara d | ||
| 040 |
_aGCL / _cGCL |
||
| 082 | 0 | 4 |
_a953/ _bع ذ |
| 100 | 0 | _aعبدالمنعم ماجد | |
| 245 | 1 | 0 |
_aذيل على مقدمة لدراسة التاريخ الاسلامى : _bدراسة لمفهوم التاريخ عند المسلمين ودور المؤرخ الاسلامى الحديث / _cبقلم عبدالمنعم ماجد |
| 260 |
_aالقاهرة : _bمكتبة الانجلو المصرية، _c1979. |
||
| 300 |
_a89 ص. ؛ _c19 سم. |
||
| 650 | 0 | 4 | _aالتاريخ الاسلامى |
| 650 | 0 | 7 |
_2qrmak _aالتاريخالاسلامى |
| 942 |
_2ddc _cBK |
||